000 00274nam a2200121Ia 4500
008 190216s9999||||xx |||||||||||||| ||und||
100 _aGopakumar T N
245 0 _aKannaki
260 _bMathrubhumi Printing &publishing
300 _a91
650 _aKathakal
942 _cBK
999 _c28970
_d28970